000
00319nam a22001457a 4500
020
_a
978-0-545-14605-0
082
_a
823
_b
BER/S
100
_a
BERGEN, LARA
245
_a
SOPHIE THE HERO
260
_a
LONDON
_b
SCHOLASTIC INC
_c
2010
300
_a
102
520
_a
ENGLISH NOVEL
650
_a
ENGLISH NOVEL
942
_c
BK
999
_c
5658
_d
5658